| 000 | 00403nam a2200169Ia 4500 | ||
|---|---|---|---|
| 008 | 140316s9999 xx 000 0 und d | ||
| 020 | _a8172333420 | ||
| 082 |
_a633.3 _bHEN/AD |
||
| 100 | _aHenry,A | ||
| 245 | _aAdvances in arid legumes research | ||
| 260 |
_aJodhpur _bScientific Publishers _c2003 |
||
| 300 | _a523 | ||
| 650 | _a | ||
| 700 | _aKumar,D | ||
| 700 | _aSingh,N B | ||
| 942 |
_2ddc _cBK |
||
| 999 |
_c14564 _d14564 |
||